Famous Bridges - Statistics

General Stats
  • This quiz has been taken 49 times
  • The average score is 9 of 18
Answer Stats
Hint Answer % Correct
Iconic bridge spanning the San Francisco Bay Golden Gate Bridge
97%
Thames crossing often mistaken for London Bridge Tower Bridge
87%
New York road bridge to the west of Manhattan Bridge Brooklyn Bridge
79%
Number one single and album for Simon & Garfunkel Bridge Over Troubled Water
72%
1957 war epic based on the construction of the Burma Railway Bridge on the River Kwai
64%
Fourteenth century bridge in Prague named after the king who begun its construction Charles Bridge
56%
Won the 2009 Best Actor oscar for his role in Crazy Heart Jeff Bridges
54%
Where prisoners supposedly caught their last glimpse of Venice before being taken down to the cells Bridge of Sighs
51%
Raising bridge typically associated with castle moats Drawbridge
51%
Australian bridge overlooking a famous opera house Sydney Harbour Bridge
49%
Home stadium of Chelsea Football Club Stamford Bridge
46%
UNESCO World Heritage site rail bridge located close to Edinburgh Forth Rail Bridge
44%
Best-selling Robert James Waller novel about an Italian-American woman living on a 1960s Iowa farm Bridges of Madison County
41%
Oldest and most famous bridge crossing Venice's Grand Canal Rialto Bridge
36%
Shropshire town taking its name from its cast iron bridge built in 1779 Ironbridge
33%
English translation of the Ponte Vecchio in Florence or the Stari Most in Mostar Old Bridge
31%
Where the M4 motorway connects England and Wales Severn Bridge
31%
Connects the Upper and Lower Peninsulas of Michigan Mackinac Bridge
26%
No matching quizzes found
Score Distribution
Percent of People with Each Score
Percentile by Number Answered
Your Score History
You have not taken this quiz